<?xml version="1.0" encoding="UTF-8"?>
<record
    xmlns:xsi="http://www.w3.org/2001/XMLSchema-instance"
    xsi:schemaLocation="http://www.loc.gov/MARC21/slim http://www.loc.gov/standards/marcxml/schema/MARC21slim.xsd"
    xmlns="http://www.loc.gov/MARC21/slim">

  <leader>03136nam a2200529Ia 4500</leader>
  <controlfield tag="001">3076</controlfield>
  <controlfield tag="008">241029s9999    xx            000 0 und d</controlfield>
  <datafield tag="010" ind1=" " ind2=" ">
    <subfield code="a">2886</subfield>
  </datafield>
  <datafield tag="041" ind1=" " ind2=" ">
    <subfield code="a">Espa&#xF1;ol</subfield>
  </datafield>
  <datafield tag="082" ind1=" " ind2=" ">
    <subfield code="a">INTEC C y H-0052</subfield>
  </datafield>
  <datafield tag="245" ind1=" " ind2="0">
    <subfield code="a">Diagn&#xF3;stico de comprensi&#xF3;n lectora y rendimiento acad&#xE9;mico en los estudiantes de nuevo ingreso del Instituto Superior de Formaci&#xF3;n Docente, recinto F&#xE9;lix Evaristo Mej&#xED;a, Santo Domingo, per&#xED;odo 2007-2008.</subfield>
  </datafield>
  <datafield tag="260" ind1=" " ind2=" ">
    <subfield code="a">Santo Domingo</subfield>
  </datafield>
  <datafield tag="300" ind1=" " ind2=" ">
    <subfield code="a">127</subfield>
  </datafield>
  <datafield tag="520" ind1=" " ind2=" ">
    <subfield code="a">35</subfield>
  </datafield>
  <datafield tag="630" ind1=" " ind2=" ">
    <subfield code="a">Comprensi&#xF3;n Lectora</subfield>
  </datafield>
  <datafield tag="650" ind1=" " ind2=" ">
    <subfield code="a">Lengua Espa&#xF1;ola</subfield>
  </datafield>
  <datafield tag="690" ind1=" " ind2=" ">
    <subfield code="a">Copiado sin cambios</subfield>
  </datafield>
  <datafield tag="700" ind1=" " ind2=" ">
    <subfield code="e">asesor</subfield>
    <subfield code="a"> Archidiello Moreno, Mabel</subfield>
  </datafield>
  <datafield tag="700" ind1=" " ind2=" ">
    <subfield code="e">autor</subfield>
    <subfield code="a"> Mart&#xED;nez R., Jos&#xE9; Daniel</subfield>
  </datafield>
  <datafield tag="700" ind1=" " ind2=" ">
    <subfield code="e">asesor</subfield>
    <subfield code="a">Espinal, Olga </subfield>
  </datafield>
  <datafield tag="901" ind1=" " ind2=" ">
    <subfield code="a">{"1":" Mart&#xED;nez R."}</subfield>
    <subfield code="b">{"1":"Jos&#xE9; Daniel"}</subfield>
  </datafield>
  <datafield tag="902" ind1=" " ind2=" ">
    <subfield code="a">2</subfield>
  </datafield>
  <datafield tag="903" ind1=" " ind2=" ">
    <subfield code="a">{"1":"Espinal","2":" Archidiello Moreno"}</subfield>
    <subfield code="b">{"1":"Olga ","2":"Mabel"}</subfield>
  </datafield>
  <datafield tag="904" ind1=" " ind2=" ">
    <subfield code="a">Maestr&#xED;a en</subfield>
  </datafield>
  <datafield tag="905" ind1=" " ind2=" ">
    <subfield code="a">Ling&#xFC;&#xED;stica Aplicada</subfield>
  </datafield>
  <datafield tag="906" ind1=" " ind2=" ">
    <subfield code="a">2</subfield>
  </datafield>
  <datafield tag="907" ind1=" " ind2=" ">
    <subfield code="a">NO APLICA</subfield>
  </datafield>
  <datafield tag="908" ind1=" " ind2=" ">
    <subfield code="a">NO APLICA</subfield>
  </datafield>
  <datafield tag="909" ind1=" " ind2=" ">
    <subfield code="a">Instituto Tecnol&#xF3;gico de Santo Domingo (INTEC)</subfield>
  </datafield>
  <datafield tag="910" ind1=" " ind2=" ">
    <subfield code="a">NULL</subfield>
    <subfield code="b">NULL</subfield>
  </datafield>
  <datafield tag="911" ind1=" " ind2=" ">
    <subfield code="a">["1"]</subfield>
  </datafield>
  <datafield tag="912" ind1=" " ind2=" ">
    <subfield code="a">NO APLICA</subfield>
  </datafield>
  <datafield tag="913" ind1=" " ind2=" ">
    <subfield code="a">NULL</subfield>
  </datafield>
  <datafield tag="914" ind1=" " ind2=" ">
    <subfield code="a">18 de Febrero de 2010</subfield>
  </datafield>
  <datafield tag="915" ind1=" " ind2=" ">
    <subfield code="a">29/11/19 12:11</subfield>
  </datafield>
  <datafield tag="916" ind1=" " ind2=" ">
    <subfield code="a">NULL</subfield>
  </datafield>
  <datafield tag="917" ind1=" " ind2=" ">
    <subfield code="a">NULL</subfield>
  </datafield>
  <datafield tag="918" ind1=" " ind2=" ">
    <subfield code="a">Educaci&#xF3;n para adultos</subfield>
  </datafield>
  <datafield tag="919" ind1=" " ind2=" ">
    <subfield code="a">["43"]</subfield>
  </datafield>
  <datafield tag="520" ind1=" " ind2=" ">
    <subfield code="a">Los estudios sobre las dificultades de comprensi&#xF3;n lectora que presentan los estudiantes universitarios de nuevo ingreso a nivel general, y en particular, en el Instituto Superior de Formaci&#xF3;n Docente Salom&#xE9; Ure&#xF1;a, recinto F&#xE9;lix Evaristo Mej&#xED;a, nos han permitido determinar los problema de baja comprensi&#xF3;n, poco dominio de los objetivos del texto, dificultades para identificar la informaci&#xF3;n relevante.El objetivo general de este estudio consiste, en diagnosticar la importancia de la compresi&#xF3;n lectora en el rendimiento acad&#xE9;mico en los estudiantes de nuevo ingreso del Recinto F&#xE9;lix Evaristo Mej&#xED;a.En la investigaci&#xF3;n realizada, se utiliz&#xF3; el m&#xE9;todo inductivo anal&#xED;tico, puesto que se analiz&#xF3; el problema de la compresi&#xF3;n lectora desde aspectos espec&#xED;ficos de las partes hasta los aspectos generales de la misma en el rendimiento acad&#xE9;mico. Este estudio busca obtener resultados a trav&#xE9;s de los hechos y opiniones mediante los siguientes instrumentos: observaci&#xF3;n de clases, encuestas a los estudiantes, encuesta a las bibliotecarias, grupos focales, an&#xE1;lisis bibliogr&#xE1;fico, para describir y analizar la problem&#xE1;tica en cuesti&#xF3;n.Con este estudio, se han obtenido los siguientes resultados: un 61% del estudiantado no comprende el objetivo de la lectura; un 38% se aburre y no tiene h&#xE1;bito de comprensi&#xF3;n lectora; el 79% desconoce el uso y la compresi&#xF3;n del vocabulario del texto en el contexto de la lectura; un 42% de los estudiantes tiene poco dominio de la ortograf&#xED;a (may&#xFA;scula, comas y acentos); un 47% reprob&#xF3; el resumen; el 64% reprob&#xF3; inferencia con bajas calificaciones.</subfield>
  </datafield>
  <datafield tag="921" ind1=" " ind2=" ">
    <subfield code="a">16</subfield>
  </datafield>
  <datafield tag="922" ind1=" " ind2=" ">
    <subfield code="a">16</subfield>
  </datafield>
  <datafield tag="923" ind1=" " ind2=" ">
    <subfield code="a">0</subfield>
  </datafield>
  <datafield tag="924" ind1=" " ind2=" ">
    <subfield code="a">NO APLICA</subfield>
  </datafield>
  <datafield tag="942" ind1=" " ind2=" ">
    <subfield code="c">Tesis</subfield>
  </datafield>
  <datafield tag="999" ind1=" " ind2=" ">
    <subfield code="c">2886</subfield>
    <subfield code="d">2886</subfield>
  </datafield>
</record>
